Score 0/16 Timer 03:00
0 Plays Today
Question Answer Wrong Answers
Which act was composed of Harpo, Chico, and Groucho? The Marx Brothers
92.3%
The Three Stooges
2.6%
Abbott and Costello
0.3%
Laurel and Hardy
0.4%
Which act was composed of Larry, Moe, and Curly? The Three Stooges
92.2%
The Marx Brothers
3.6%
Abbott and Costello
0.2%
Laurel and Hardy
0.3%
Which act was composed of Stan and Oliver? Laurel and Hardy
91.9%
The Marx Brothers
0.5%
The Three Stooges
0.4%
Abbott and Costello
3.1%
Which act was composed of Bud and Lou? Abbott and Costello
86.3%
The Marx Brothers
0.6%
The Three Stooges
0.8%
Laurel and Hardy
8.3%
Which act had the catchphrase 'Nyuk, nyuk, nyuk'? The Three Stooges
85.4%
The Marx Brothers
4.8%
Abbott and Costello
3.2%
Laurel and Hardy
2.4%
Which act starred in Duck Soup (1933)? The Marx Brothers
84.3%
The Three Stooges
4.7%
Abbott and Costello
2.1%
Laurel and Hardy
4.6%
Which act included an Englishman? Laurel and Hardy
77.2%
The Marx Brothers
5.1%
The Three Stooges
4.8%
Abbott and Costello
8.6%
Which act performed 'Who's on First?' Abbott and Costello
74.6%
The Marx Brothers
5.7%
The Three Stooges
6.7%
Laurel and Hardy
8.6%
Which act had the catchphrase 'Here's another nice mess you've gotten me into'? Laurel and Hardy
71.5%
The Marx Brothers
5.3%
The Three Stooges
8.6%
Abbott and Costello
10.5%
Which act had a member go on to host You Bet Your Life? The Marx Brothers
63.9%
The Three Stooges
6.4%
Abbott and Costello
20.6%
Laurel and Hardy
4.7%
Which act starred in movies featuring Universal Studios monsters? Abbott and Costello
52.5%
The Marx Brothers
11.1%
The Three Stooges
20%
Laurel and Hardy
12.1%
Which act was created by Ted Healy? The Three Stooges
50.1%
The Marx Brothers
9.3%
Abbott and Costello
20.6%
Laurel and Hardy
15.6%
Which act appeared in short films by Columbia Pictures? The Three Stooges
48.6%
The Marx Brothers
14.8%
Abbott and Costello
8.6%
Laurel and Hardy
23.5%
Which act starred in Babes in Toyland (1934)? Laurel and Hardy
47%
The Marx Brothers
18.4%
The Three Stooges
12.9%
Abbott and Costello
17.1%
Which act was active before the 1920s? The Marx Brothers
35%
The Three Stooges
6.8%
Abbott and Costello
4.7%
Laurel and Hardy
49.3%
Which act's members were born in New Jersey? Abbott and Costello
31.7%
The Marx Brothers
28.9%
The Three Stooges
28.6%
Laurel and Hardy
6.5%

Today's Daily Dose

Remove Ads.
Support Sporcle.
Get the best of Sporcle when you Go Orange. This ad-free experience offers more features, more stats, and more fun while also helping to support Sporcle. Thank you for becoming a member.

You're not logged in!

Compare scores with friends on all Sporcle quizzes.
OR
Log In

Show Comments

Extras

Top Quizzes Today


Score Distribution

Your Account Isn't Verified!

In order to create a playlist on Sporcle, you need to verify the email address you used during registration. Go to your Sporcle Settings to finish the process.

Report this User

Report this user for behavior that violates our Community Guidelines.

Details: